| 000 | 00566nam a22001817a 4500 | ||
|---|---|---|---|
| 999 |
_c194975 _d194975 |
||
| 005 | 20230206110351.0 | ||
| 010 | _aENG-136122 | ||
| 020 |
_a9788180883774 _c170.00 |
||
| 035 | _aEN-119654 | ||
| 037 | _bDBAD/PUB | ||
| 082 | _a332.091767 | ||
| 100 | _aZubairi, Suhail | ||
| 245 |
_aIslamic Finance/ _cSuhail zubairi |
||
| 260 |
_aNew Delhi _bMarkazi Maktaba Islami Publishers _c2013 |
||
| 270 |
_aD-307, Dawat Nagar, Abul Fazl Enclave, Jamia Nagar, Okhla _bNew Delhi _e110025 |
||
| 300 |
_a220p. _c22cm(pbk) |
||
| 942 |
_2ddc _cEN _h332.091767 _mZUB |
||